Nino Rico, Niño Listo (Registro nro. 6046)
[ vista simple ]
| 000 -LEADER | |
|---|---|
| fixed length control field | 01410 a2200217 4500 |
| 001 - CONTROL NUMBER | |
| control field | 56782 |
| 005 - DATE AND TIME OF LATEST TRANSACTION | |
| control field | 20260407155831.0 |
| 008 - FIXED-LENGTH DATA ELEMENTS--GENERAL INFORMATION | |
| fixed length control field | 260407a2004 arg spa d |
| 003 - CONTROL NUMBER IDENTIFIER | |
| control field | AR-UNSa-BCEJYS |
| 040 ## - CATALOGING SOURCE | |
| Original cataloging agency | AR-UNSa-BCEJYS |
| Language of cataloging | spa |
| Transcribing agency | AR-UNSa-BCEJYS |
| 080 ## - UNIVERSAL DECIMAL CLASSIFICATION NUMBER | |
| Universal Decimal Classification number | 330.567.28 |
| Common auxiliary subdivision | Economía y Finanzas de los particulares |
| 020 ## - INTERNATIONAL STANDARD BOOK NUMBER | |
| International Standard Book Number | 950-511-997-6 |
| 100 1# - MAIN ENTRY--PERSONAL NAME | |
| Personal name | Kiyosaki, Robert T. |
| 245 10 - TITLE STATEMENT | |
| Title | Nino Rico, Niño Listo |
| Name of part/section of a work | como dar a us hijos una educación financiera sólida |
| 264 #1 - PRODUCTION, PUBLICATION, DISTRIBUTION, MANUFACTURE, AND COPYRIGHT NOTICE | |
| Place of production, publication, distribution, manufacture | Buenos Aires : |
| Name of producer, publisher, distributor, manufacturer | Aguilar |
| Date of production, publication, distribution, manufacture, or copyright notice | 2004 |
| 300 ## - PHYSICAL DESCRIPTION | |
| Extent | 411 p. |
| Dimensions | 24 cm. |
| 505 ## - FORMATTED CONTENTS NOTE | |
| Formatted contents note | 1. Todos los niños nacen – 2. ¿Es su hijo un genio? – 3. De poder a sus hijos – 4.Si usted desea ser rico, debe hacer su tarea – 5. ¿Cuántas formulas ganadoras necesitara su hijo? – 6. ¿Sera obsoleto su hijo al cumplir 30 años de edad? – 7. ¿Podrá retirarse su hijo antes de cumplir 30 años de edad? – 8. Mi banquero nunca me ha pedido mi boleta de calificaciones – 9. Los niños aprenden jugando – 10.Porque los ahorradores son perdedores – 11. La diferencia entre la deuda buena y la mala – 12.Aprender con dinero real – 13.Otras formas su incrementar el coeficiente intelectual financiero de su hijo – 15. ¿Cómo descubrir el genio natural de su hijo? – 16. El éxito de la libertad de ser quien usted es. |
| 590 ## - LOCAL NOTE (RLIN) | |
| Local note | niveau_biblio:m niveau_hierar:0 |
| 700 1# - ADDED ENTRY--PERSONAL NAME | |
| Personal name | Lechter C.P.A., Sharon L. |
| 942 ## - ADDED ENTRY ELEMENTS (KOHA) | |
| Koha item type | |
| Withdrawn status | Lost status | Damaged status | Not for loan | Home library | Current library | Shelving location | Date acquired | Total checkouts | Full call number | Barcode | Date last seen | Price effective from | Koha item type |
|---|---|---|---|---|---|---|---|---|---|---|---|---|---|
| Biblioteca Prof. Eusebio Cleto del Rey | Biblioteca Prof. Eusebio Cleto del Rey | 07/04/2026 | 330.567.28 K46n | L116825 | 07/04/2026 | 07/04/2026 | Libro |